000 02123 a2200253 4500
001 53098
005 20260407155804.0
008 260407a1986 arg spa d
003 AR-UNSa-BCEJYS
040 _aAR-UNSa-BCEJYS
_bspa
_cAR-UNSa-BCEJYS
080 _a330.101
_xCiencia económica en general. La economía y sus problemas. Objeto y métodos de la economía política
245 1 0 _aEconomía política
_pun texto introductorio
020 _a84-85855-39-6
264 1 _aBarcelona :
_bAntoni Bosch
_c1986
300 _axiv, 689 p.
_c22 cm.
505 _a1. Las reglas del juego - 2. la elección racional y la ganancia individual - 3. El equilibrio económico y la teoría de la oferta y la demanda - 4. Las ganancias derivadas de la cooperación - 5. Obstáculos a una operación eficiente - 6. Ideas de justicia - 7. Ganancias derivadas del intercambio multilateral:la ley, la organización y los mercados - 8. Problemas de la elección pública - 9. Justificación de las acciones colectivas : principios constitucionales propuestos - 10. El modelo de competencia pura - 11. Interferencias del Estado en el mercado:objeciones clásicas - 12. El poder de monopolio - 13. Impuestos y gasto público:la visión clásica - 14. Contra el mercado:críticas y contrasistemas de Marx y "La nueva izquierda" - 15. Los mercados de productos y la empresa:calidad del producto y fijación de precios - 16. Los mercados de trabajo y la empresa:"salarios incentivantes" y paro - 17. Mercados de capitales :finanzas , dinero y banca - 18. La crisis de la doctrina clásica del equilibrio - 19. La posibilidad de un desequilibrio monetario: la teoría general del empleo de Keynes - 20. Desde Keynes y para siempre:intervención del Estado o confianza en el "mercado" - 21. La inflación:sus causas, efectos, formas, de reducción y control
041 _aspa
942 _cBK
590 _aniveau_biblio:m niveau_hierar:0
100 1 _aPhelps, Edmund S.
700 1 _aCaminal, Ramón
700 1 _aEspinosa, Gentzane
856 4 1 _uhttps://biblioeco.unsa.edu.ar/pmb/images/libros/L128452.jpg
_yImagen de portada
_qimage/jpeg
999 _c5082
_d5082